| 000 | 01178nam a2200205Ia 4500 | ||
|---|---|---|---|
| 003 | Ost | ||
| 005 | 20260416102401.0 | ||
| 008 | 260416s9999||||xx |||||||||||||| ||und|| | ||
| 040 | _cfsecg | ||
| 041 | _aara | ||
| 082 | _a310 | ||
| 100 |
_aسيواني، عدلان _eمؤلف |
||
| 245 | 0 |
_aالإحصاء : _bالسنة الاولى جذع مشترك / _c عدلان سيواني |
|
| 260 |
_aالجزائر _bجامعة الجزائر3: كلية العلوم الإقتصادية، العلوم التجارية وعلوم التسيير _c2020 |
||
| 300 |
_a122 ورقة _bايضاحات _c12 سم |
||
| 520 | _aالاحصاء الوصفي،مفهوم الاحصاء، البيانات الاحصائية و مصادر البيانات، الوسيط الحسابي أو المتوسط الحسابي أو المعدل،الوسيط،الربيع الأدنى و الاعلى(الاول و الثالث)، المنوال، الالتواء، التفلطح. | ||
| 653 | _aالاحصاء | ||
| 710 |
_aجامعة الجزائر3: كلية العلوم الإقتصادية، العلوم التجارية وعلوم التسيير _eناشر علمي |
||
| 942 | _cHANDOUT | ||
| 999 |
_c41413 _d41413 |
||